Fluencias de la tierra y curso subterraneo de las aguas / (Record no. 51105)
[ view plain ]
| 000 -LEADER | |
|---|---|
| campo de control de longitud fija | 00796nam a2200229 i 4500 |
| 001 - NÚMERO DE CONTROL | |
| campo de control | C00052921c |
| 005 - FECHA Y HORA DE LA ÚLTIMA TRANSACCIÓN | |
| campo de control | 20241029150155.0 |
| 008 - DATOS DE LONGITUD FIJA--INFORMACIÓN GENERAL | |
| campo de control de longitud fija | 060424s1724 sp spa d |
| 100 1# - ENTRADA PRINCIPAL--NOMBRE DE PERSONA | |
| Nombre de persona | Ardemans, Teodoro ( |
| Fechas asociadas al nombre | 1664-1726) |
| 9 (RLIN) | 29306 |
| 245 10 - MENCIÓN DEL TÍTULO | |
| Título | Fluencias de la tierra y curso subterraneo de las aguas / |
| Mención de responsabilidad, etc. | por Teodoro Ardemans. |
| 260 ## - PUBLICACIÓN, DISTRIBUCIÓN, ETC. | |
| Lugar de publicación, distribución, etc. | En Madrid : |
| Nombre del editor, distribuidor, etc. | por Francisco del Hierro, |
| Fecha de publicación, distribución, etc. | 1724. |
| 300 ## - DESCRIPCIÓN FÍSICA | |
| Extensión | [24], 278 p., [9] h. de lám. ; |
| Dimensiones | 4º (22 cm) |
| 500 ## - NOTA GENERAL | |
| Nota general | Port. enmarcada con orla tip. |
| 500 ## - NOTA GENERAL | |
| Nota general | Enc. perg. con cortes jaspeados. |
| 500 ## - NOTA GENERAL | |
| Nota general | Ejemp. con ondulaciones y lomo semidespegado. |
| 650 ## - PUNTO DE ACCESO ADICIONAL DE MATERIA--TÉRMINO DE MATERIA | |
| Término de materia o nombre geográfico como elemento de entrada | Agua subterránea- |
| Subdivisión cronológica | S. XVIII. |
| 9 (RLIN) | 96469 |
| 700 1# - ENTRADA AGREGADA--NOMBRE PERSONAL | |
| Nombre de persona | Hierro, Francisco del. |
| 9 (RLIN) | 35727 |
| 752 ## - ENTRADA AGREGADA--NOMBRE JERÁRQUICO DEL LUGAR | |
| País o entidad superior | España - |
| Ciudad | Madrid |
| 852 4# - LOCALIZACIÓN | |
| Número de control de estantería | B-369 |
| Estatus retirado | Estado de pérdida | Estado de daño | No para préstamo | Colección | Biblioteca de origen | Biblioteca actual | Ubicación en estantería | Fecha de adquisición | Fuente de adquisición | Total de préstamos | Signatura topográfica completa | Código de barras | Visto por última vez | Precio de reemplazo | Tipo de ítem Koha |
|---|---|---|---|---|---|---|---|---|---|---|---|---|---|---|---|
| Real Academia de la Bellas Artes de San Fernando | Real Academia de la Bellas Artes de San Fernando | Depósito 1 | 24/04/2006 | O | B-369 | 1056599 | 15/10/2024 | 15/10/2024 | Fondo antiguo |